Deutsche Städte, deren Name mit einer Farbe beginnt - Statistiken

Allgemein
  • Dieses Quiz wurde 119 mal gespielt
  • Das Durchschnittsergebnis liegt bei 8 aus 18
Antwortstatistiken
Farbe Hinweise Antwort % Korrekt
. Zweitgrößte Stadt Niedersachsens. Die Eintracht spielt in der zweiten Fußball-Bundesliga. Braunschweig
91%
. Stadt bei Nürnberg, wo der weltweit größte Wettkampf auf der Triathlon-Langdistanz ausgetragen wird. Roth
82%
. Die Mittelalterliche Altstadt der fränkischen Kleinstadt ist eine weltbekannte Sehenswürdigkeit. Rothenburg ob der Tauber
68%
. Kleinstadt in Nordosthessen an einem der Quellflüsse der Weser. Rotenburg an der Fulda
56%
. Kreisstadt östlich von Bremen an einem Nebenfluss der Weser. Rotenburg (Wümme)
56%
. Kleinstadt bei Ulm mit Kloster und der Karstquelle Blautopf. Blaubeuren
44%
. Fränkische Kreisstadt im Altmühltal, die um ein Römerkastell herum entstand. Weißenburg in Bayern
42%
. Älteste Stadt Baden-Württembergs mit dem mit 246 Metern weltweit zweithöchsten Testturm für Aufzugsanlagen. Rottweil
40%
. Luftkurort im Harz mit dem höchsten Punkt Niedersachsens (Wurmberg, 971 Meter). Braunlage
39%
. Kleinstadt am Rande des Pfälzer Waldes. Immanuel Kant trank stets Wein aus diesem Ort. Grünstadt
35%
. Mittelstadt in Sachsen-Anhalt mit Herzogsschloss und Museen zu Heinrich Schütz und Novalis. Weißenfels
32%
. Kleinstadt in Hessen, die im 16. Jhdt. zeitweise Universitätsstadt war, als wegen der Pest die Uni Marburg hierhin umzog. Grünberg (Hessen)
31%
. Gemeinde am Tegernsee, deren erste Urlaubsgäste 1817 die bayrische Königsfamilie war. Rottach-Egern
28%
. Sitz des Bistums, zu dem auch Stuttgart gehört, mit Dom St. Martin. Rottenburg am Neckar
27%
. In einer braunkohlereichen Heidelandschaft nahe der polnischen Grenze liegt die Kleinstadt, die auf obersorbisch "Běła Woda" heißt. Weißwasser/Oberlausitz
27%
. Der kleine Ort war Stammsitz zweier bis 1918 existierender Fürstentümer im heutigen Thüringen. Schwarzburg
25%
. Kleinstadt östlich von Hamburg, Vorreiter einer zweisprachigen Ortsbeschilderung Hochdeutsch/Niederdeutsch. Schwarzenbek
22%
. Hessische Gemeinde im Main-Kinzig-Kreis mit dem Kuriosum, dass Ortsteil Rothenbergen eine weitere Farbe im Namen hat. Gründau
9%
Keine übereinstimmenden Quizze gefunden
Verteilung der Resultate
Anzahl Personen mit jedem Resultat
Perzentil nach korrekt beantworteten Fragen
Ihre Resultats-Entwicklung
Sie haben dieses Quiz noch nicht gespielt